Cyber Crime & The Dark Net: (Record no. 167246)

MARC details
000 -LEADER
fixed length control field 00574nam a22001817a 4500
005 - DATE AND TIME OF LATEST TRANSACTION
control field 20220217142046.0
010 ## - LCCN (DPL NO)
LC control number ENG-126303
020 ## - INTERNATIONAL STANDARD BOOK NUMBER
International Standard Book Number 978-81-925569-6-9
Terms of availability 550.00
035 ## - SYSTEM CONTROL NUMBER
System control number EN-109835
037 ## - SOURCE OF ACQUISITION
Source of stock number/acquisition DBAD/PUB
082 ## - DEWEY DECIMAL CLASSIFICATION NUMBER
Classification number 364.168
100 ## - MAIN ENTRY--PERSONAL NAME
Personal name Sharma,Gaurav
245 ## - TITLE STATEMENT
Title Cyber Crime & The Dark Net:
Remainder of title the Hidden Underworld of the Internet/
Statement of responsibility, etc by Dhiraj Kumar Basak
260 ## - PUBLICATION, DISTRIBUTION, ETC. (IMPRINT)
Place of publication, distribution, etc Allahabad
Name of publisher, distributor, etc Prabha Publishing House
Date of publication, distribution, etc 2018
270 ## - ADDRESS
City Allahbad
Address 5-D/11 Khusro Bagh Road,
Postal code 211001
300 ## - PHYSICAL DESCRIPTION
Extent 151p.
Dimensions 22cm(hb)
942 ## - ADDED ENTRY ELEMENTS (KOHA)
Source of classification or shelving scheme Dewey Decimal Classification
Item type English Books
Classification part 364.168
Call number suffix SHA
Holdings
Withdrawn status Lost status Not for loan Collection code Home library Current library Date acquired Source of acquisition Cost, normal purchase price Full call number Barcode Copy number Cost, replacement price Koha item type
      Non-fiction Ashok Vihar Ashok Vihar 26/08/2019 DBAD/PUB 550.00 364.168 SHA EN-109835 1 550.00 English Books

© Delhi Public Library
Hit Counter
free hit counter